000 00679nam a2200205Ia 4500
003 GCL
008 140319s9999 xx 000 0 ara d
040 _aGCL /
_cGCL
082 0 4 _a413.1
_bس د
100 1 _aسليمان فياض
245 1 0 _aالدليل اللغوى: معجم فى الادوات والتراكيب والمهارات الكتابية /
_cسليمان فياض
260 _a[S.N] :
_bدار المريخ للنشر ،
_c1987
300 _a151 ص
490 _a
650 0 4 _aاللغة العربية
650 0 4 _aالالفاظ العربية
650 0 4 _aالنحو - الافعال
650 0 4 _aالنحو - الاسماء
942 _2ddc
_cBK
999 _c37333
_d37333